| 000 | 00588nam a2200145 a 4500 | ||
|---|---|---|---|
| 001 | 000033357 | ||
| 005 | 20200930070213.0 | ||
| 008 | 110825s1901 dr 000 0 spa d | ||
| 040 |
_aDO-SdBNP _bspa _cBNPHU |
||
| 100 | 1 |
_aCastellanos, Rafael C. _954014 |
|
| 245 | 1 | 0 |
_aInforme acerca de la reforma educacional iniciada por Eugenio María de Hostos presentado al Congreso Nacional el 10 de junio de 1901 por el representante por Puerto Plata. / _cPbro. Lcdo. Rafael C. Castellanos. |
| 260 |
_aSanto Domingo : _bImp. de García Hermanos, _c1901. |
||
| 300 |
_a54 p. ; _c23 cm. |
||
| 049 | _aBNPD | ||
| 999 |
_c32848 _d32848 |
||